000 00621nam a2200241Ia 4500
003 OSt
005 20220916111114.0
006 a|||||r|||| 00| 0
007 ta
008 220915b |||||||| |||| 00| 0 eng d
024 _a251622
037 _cTextbook
040 _beng
_aARTS
_cARTS
041 _aeng
082 _aV5.M00<--K60, L8;2
100 _aDoyle William
245 0 _aOld European order 1660-1800
260 _aOxford
_bOxford University Press
300 _a405p
_ccm.
650 _aHISTORY
942 _hV5.M00<--K60, L8;2
_cTB
_2CC
999 _c105618
_d105618